000 00600nam a2200193Ia 4500
003 IN-BaIIA
008 211028s9999 xx 000 0 eng d
040 _cIIA Library
080 _a52-76
_bINF
245 0 _aInfrared astronomy
_cedited by Peter J. Brancazio and Cameron, A. G. W.
260 _aNew York
_bGordon and Breach Science
_c1968
300 _aix, 248p.
650 _aAstronomy and astrophysics thesaurus
650 _aInfrared astronomy
_95673
650 _aInfrared radiation
_92895
700 _aBrancazio, Peter J., ed.
_95674
700 _aCameron, A. G. W., ed.
_94211
942 _cBK
999 _c3190
_d3190